| 000 | 00931nam0a2200265 i 4500 | ||
|---|---|---|---|
| 001 | RU\NLR\bibl\2023342 | ||
| 005 | 20240723100732.0 | ||
| 010 |
_a9785444407813 _93000 |
||
| 021 |
_aRU _b2013-18294 _9113д/13 |
||
| 035 | _a(NLR Aleph) 002011495 | ||
| 090 |
_a4460547 _c4460547 |
||
| 100 | _a20130412d2013 u y0rusy50 ca | ||
| 101 | 1 |
_arus _cfre |
|
| 102 | _aRU | ||
| 105 | _ay ||||||||| | ||
| 200 | 1 |
_aЗагадка улицы Блан-Манто _e[роман] _fЖан-Франсуа Паро _g[пер. с фр. Е.В. Морозовой] |
|
| 210 |
_aМосква _cВече _d2013 |
||
| 215 |
_a380, [3] с. _d21 |
||
| 225 | 1 | _aРасследование комиссара королевской полиции Николя Ле Флока | |
| 700 | 1 |
_aПаро _bЖ. -Ф. _gЖан-Франсуа _4070 |
|
| 801 | 0 |
_aRU _bNLR _c20130412 _gRCR |
|
| 801 | 1 |
_aRU _bNLR _c20130412 |
|
| 942 | _cBOOK | ||
| 980 | _aNBR | ||